000 00421nam a22001697a 4500
003 MPLRDC
005 20220104114053.0
008 210129b ||||| |||| 00| 0 eng d
082 _a834.57 XL
100 _a学林书店编辑部编选
245 _a元曲
_c
260 _a
_b学林书店
_c
300 _b
490 _a中国文学名著精选. 4
650 _a中国戏曲总集--元曲
942 _cBK
_o834.57 XL
999 _c4578
_d4568